MyGZULibrary

Research on gender and sexualities in Africa / (Record no. 846)

MARC details
000 -LEADER
fixed length control field 01695cam a2200469 i 4500
001 - CONTROL NUMBER
control field 19893059
003 - CONTROL NUMBER IDENTIFIER
control field GZU
005 - DATE AND TIME OF LATEST TRANSACTION
control field 20201030093936.0
008 - FIXED-LENGTH DATA ELEMENTS--GENERAL INFORMATION
fixed length control field 170814s2017 sg b 001 0 eng d
010 ## - LIBRARY OF CONGRESS CONTROL NUMBER
LC control number 2017321113
020 ## - INTERNATIONAL STANDARD BOOK NUMBER
International Standard Book Number 9782869787124
020 ## - INTERNATIONAL STANDARD BOOK NUMBER
International Standard Book Number 286978712X
035 ## - SYSTEM CONTROL NUMBER
System control number (OCoLC)ocn995332689
040 ## - CATALOGING SOURCE
Original cataloging agency YDX
Language of cataloging eng
Transcribing agency YDX
Description conventions rda
Modifying agency NUI
-- CUY
-- OCLCF
-- DLC
042 ## - AUTHENTICATION CODE
Authentication code lccopycat
-- lcode
043 ## - GEOGRAPHIC AREA CODE
Geographic area code f------
050 00 - LIBRARY OF CONGRESS CALL NUMBER
Classification number HQ18.A35
Item number RES 2017
245 00 - TITLE STATEMENT
Title Research on gender and sexualities in Africa /
Statement of responsibility, etc. edited by Jane Bennett, Sylvia Tamale.
264 #1 - PRODUCTION, PUBLICATION, DISTRIBUTION, MANUFACTURE, AND COPYRIGHT NOTICE
Place of production, publication, distribution, manufacture Dakar :
Name of producer, publisher, distributor, manufacturer Codesria, Council for the Development of Social Science Research in Africa,
Date of production, publication, distribution, manufacture, or copyright notice [2017]
300 ## - PHYSICAL DESCRIPTION
Extent xv, 211 pages ;
Dimensions 23 cm.
336 ## - CONTENT TYPE
Content type term text
Content type code txt
Source rdacontent
337 ## - MEDIA TYPE
Media type term unmediated
Media type code n
Source rdamedia
338 ## - CARRIER TYPE
Carrier type term volume
Carrier type code nc
Source rdacarrier
490 0# - SERIES STATEMENT
Series statement CODESRIA book series
500 ## - GENERAL NOTE
General note Includes bibliographical references and index.
504 ## - BIBLIOGRAPHY, ETC. NOTE
Bibliography, etc. note Includes bibliographical references and index.
650 #0 - SUBJECT ADDED ENTRY--TOPICAL TERM
Topical term or geographic name entry element Sex
Geographic subdivision Africa.
650 #0 - SUBJECT ADDED ENTRY--TOPICAL TERM
Topical term or geographic name entry element Sex customs
Geographic subdivision Africa.
650 #0 - SUBJECT ADDED ENTRY--TOPICAL TERM
Topical term or geographic name entry element Gender identity
Geographic subdivision Africa.
650 #0 - SUBJECT ADDED ENTRY--TOPICAL TERM
Topical term or geographic name entry element Sexology
General subdivision Research
Geographic subdivision Africa.
650 #7 - SUBJECT ADDED ENTRY--TOPICAL TERM
Topical term or geographic name entry element Gender identity.
Source of heading or term fast
Authority record control number or standard number (OCoLC)fst00939593
650 #7 - SUBJECT ADDED ENTRY--TOPICAL TERM
Topical term or geographic name entry element Sex.
Source of heading or term fast
Authority record control number or standard number (OCoLC)fst01114160
650 #7 - SUBJECT ADDED ENTRY--TOPICAL TERM
Topical term or geographic name entry element Sex customs.
Source of heading or term fast
Authority record control number or standard number (OCoLC)fst01114306
650 #7 - SUBJECT ADDED ENTRY--TOPICAL TERM
Topical term or geographic name entry element Sexology
General subdivision Research.
Source of heading or term fast
Authority record control number or standard number (OCoLC)fst01114745
651 #7 - SUBJECT ADDED ENTRY--GEOGRAPHIC NAME
Geographic name Africa.
Source of heading or term fast
Authority record control number or standard number (OCoLC)fst01239509
700 1# - ADDED ENTRY--PERSONAL NAME
Personal name Bennett, Jane
Fuller form of name (Jane M.),
Dates associated with a name 1958-
Relator term editor.
700 1# - ADDED ENTRY--PERSONAL NAME
Personal name Tamale, Sylvia,
Relator term editor.
906 ## - LOCAL DATA ELEMENT F, LDF (RLIN)
a 7
b cbc
c copycat
d 3
e ncip
f 20
g y-gencatlg
942 ## - ADDED ENTRY ELEMENTS (KOHA)
Source of classification or shelving scheme Library of Congress Classification
Koha item type Books
Classification part 18.A35
Item part RES
Call number prefix HQ
Holdings
Withdrawn status Lost status Source of classification or shelving scheme Damaged status Not for loan Collection code Home library Current library Shelving location Date acquired Total Checkouts Full call number Barcode Date last seen Copy number Price effective from Koha item type Inventory number Date last checked out
    Library of Congress Classification     Non-fiction City Campus Library City Campus Library General Stacks 09/15/2020   HQ18.A35 RES 2017 030413 09/15/2020 c. 1 09/15/2020 Books    
          Non-fiction City Campus Library City Campus Library General Stacks 10/30/2020   HQ 18.A35 RES 2017 030409 10/30/2020 c.3 10/30/2020 Books  
          Non-fiction City Campus Library City Campus Library General Stacks 10/30/2020   HQ18.A35 RES 201 030411 10/30/2020 c.4 10/30/2020 Books    
          Non-fiction City Campus Library City Campus Library General Stacks 10/30/2020   HQ18.A35 RES 2017 030412 10/30/2020 c.5 10/30/2020 Books    
          Non-fiction City Campus Library City Campus Library General Stacks 10/30/2020   HQ18.A35 RES 2017 030410 10/30/2020 c.6 10/30/2020 Books    
          Non-fiction Gender Resource Centre Gender Resource Centre General Stacks 05/05/2021   HQ 18.A35 RES 2017 030405 05/05/2021 c.7 05/05/2021 Books    
          Non-fiction Gender Resource Centre Gender Resource Centre General Stacks 05/05/2021   HQ 18.A35 RES 2017 030404 05/05/2021 c.8 05/05/2021 Books    
          Non-fiction Gender Resource Centre Gender Resource Centre General Stacks 05/05/2021   HQ 18.A35 RES 2017 030406 05/05/2021 c.9 05/05/2021 Books    
          Non-fiction Gender Resource Centre Gender Resource Centre General Stacks 05/05/2021   HQ 18.A35 RES 2017 030407 05/05/2021 c.10 05/05/2021 Books    
    Library of Congress Classification     Non-fiction Gender Resource Centre Gender Resource Centre General Stacks 05/13/2021 3 HQ18.A35 RES 201 030408 10/18/2024 c.11 05/13/2021 Books   07/15/2022
          Non-fiction Law Library Law Library General Stacks 03/28/2019   HQ18.A35 RES 2017 030553 10/28/2020 c.2 10/28/2020 Books